La subasta judicial (Registro nro. 3431)

Detalles MARC
000 -LEADER
fixed length control field 01313 a2200253 4500
001 - CONTROL NUMBER
control field 41218
005 - DATE AND TIME OF LATEST TRANSACTION
control field 20260407155706.0
008 - FIXED-LENGTH DATA ELEMENTS--GENERAL INFORMATION
fixed length control field 260407a1998 arg spa d
003 - CONTROL NUMBER IDENTIFIER
control field AR-UNSa-BCEJYS
040 ## - CATALOGING SOURCE
Original cataloging agency AR-UNSa-BCEJYS
Language of cataloging spa
Transcribing agency AR-UNSa-BCEJYS
080 ## - UNIVERSAL DECIMAL CLASSIFICATION NUMBER
Universal Decimal Classification number 347.451.6
Common auxiliary subdivision Subasta...Martillero Público
020 ## - INTERNATIONAL STANDARD BOOK NUMBER
International Standard Book Number 950-894-116-2
041 ## - LANGUAGE CODE
Language code of text/sound track or separate title spa
100 1# - MAIN ENTRY--PERSONAL NAME
Personal name Barbado, Analía R.
245 10 - TITLE STATEMENT
Title La subasta judicial
Name of part/section of a work según la jurisprudencia
250 ## - EDITION STATEMENT
Edition statement 2a. ed.
264 #1 - PRODUCTION, PUBLICATION, DISTRIBUTION, MANUFACTURE, AND COPYRIGHT NOTICE
Place of production, publication, distribution, manufacture Buenos Aires :
Name of producer, publisher, distributor, manufacturer AD-HOC
Date of production, publication, distribution, manufacture, or copyright notice 1998
300 ## - PHYSICAL DESCRIPTION
Extent 176 p.
Dimensions 23 cm.
505 ## - FORMATTED CONTENTS NOTE
Formatted contents note 1. Generalidades - 2. Concepto - 3. Ley aplicable - 4. El martillero - 5. Objeto del remate - 6. Publicidad del remate - 7. Compra por comisión - 8. Regularidad del acto - 9. Comunicación a los jueces embargantes e inhibientes - 10. Citación de los acreedores - 11. Tasación - 12. Nulidad de la subasta - 13. Suspensión de la subasta - 14. Nueva subasta - 15. Medidas cautelares - 16. Pago de precio - 17. Perfeccionamiento de la venta - 18. Desocupación del bien subastado - 19. Aprobación de la subasta - 20. Sobreseimiento del juicio
590 ## - LOCAL NOTE (RLIN)
Local note niveau_biblio:m niveau_hierar:0
700 1# - ADDED ENTRY--PERSONAL NAME
Personal name Barbado, Patricia Bibiana
856 41 - ELECTRONIC LOCATION AND ACCESS
Uniform Resource Identifier <a href="https://biblioeco.unsa.edu.ar/pmb/images/libros/L126452.jpg">https://biblioeco.unsa.edu.ar/pmb/images/libros/L126452.jpg</a>
Link text Imagen de portada
Electronic format type image/jpeg
942 ## - ADDED ENTRY ELEMENTS (KOHA)
Koha item type
Existencias
Withdrawn status Lost status Damaged status Not for loan Home library Current library Shelving location Date acquired Total checkouts Full call number Barcode Date last seen Price effective from Koha item type
        Biblioteca Prof. Eusebio Cleto del Rey Biblioteca Prof. Eusebio Cleto del Rey   07/04/2026   347.451.6 B228 2ed. L126452 07/04/2026 07/04/2026 Libro